000 00442nam a2200169Ia 4500
008 230917s9999||||xx |||||||||||||| ||und||
020 _cRS415
040 _e249033
_aMAIN
041 _aEnglish
082 _a005.7 M278B
100 _aMaheshwari, Anil
245 0 _aBig data
260 _aChennai
_bMcgraw Hill Education (India)
_c2018
300 _axv, 236 p.
500 _a3200 26/07/2018 HBD18/7478 24/08/2018 Main Budget
942 _cBK
999 _c27517
_d27517